01772nas a22002417a 450000500170000000600190001700700150003600800410005113000240009221000150011624500590013126000370019030000200022731000120024736200280025952010130028753000290130065000110132965500250134070000250136585600420139027000980143220140326160444.0a|||||r|||| 00| 0 cr n 130215uuuuuuuuu||||| |ss|||||| ||||||d0 aTerrascape (Online)10aTerrascape10aTerrascapebtakes the placescedited by Himanshu Joshi aNew DelhibHimanshu Joshic2013- av.c28 cm (Pbk) amonthly aDec 2013 Vol 4, Issue 7 aTerrascape celebrates journeys that are about places, experiences, culture, authenticity, ethnicity and photography. Terrascape will deliver informative, entertaining, relevant and thought-provoking content that feeds the mind and fuels the imagination. The types of destinations we cover vary widely, from mainstream to adventure travel. A spectacularly visual magazine, Terrascape focuses on places we all dream about, and some more. Each destination is rich in distinction and character, and we actively support efforts to keep them that way. The magazine believes that enhancing an authentic “sense of place” benefits both travellers and the locations they explore. Features and columns strive to see destinations with fresh eyes and real insight, draw linkages with the past, give cultural clues and historical facts all to allow you to experience a destination directly. A spectacularly visual magazine for travellers and dreamers, Terrascape focuses on places we all dream about, and some more. aAlso available in print. aTravel 0aElectronic journals. aJoshi, Himanshu, Ed.40uhttp://www.terrascape.in/archive.aspx aA-226, Priyadarshini Vihar 17 IP ExtensionbDelhie110092k26492225mterrascapemag@gmail.com